| 000 | 00947nam a2200229 a 4500 | ||
|---|---|---|---|
| 001 | 44140 | ||
| 003 | BD-RjUL | ||
| 005 | 20211209053815.0 | ||
| 008 | 160714s1976 bg ||||| |||| 00| 0 ben d | ||
| 020 | _c: Tk.6.00 | ||
| 035 | _a(BD-RjUL)44258 | ||
| 040 |
_aBD-RjUL _bben _cBD-RjUL _dBD-RjUL |
||
| 041 | _aben | ||
| 082 |
_223 _a891.4409 _bSAD 1976 |
||
| 100 |
_aসায়ীদ, আবদুল্লাহ আবু _9127608 |
||
| 245 | 1 | 0 |
_aদুর্বলতায় রবীন্দ্রনাথ ও অন্যান্য প্রবন্ধ / _cআবদুল্লাহ আবু সায়ীদ |
| 260 |
_aঢাকা : _bমুক্তধারা, _c১৯৭৬ |
||
| 300 |
_a৮৯ পৃ. ; _c২৩ সেমি. |
||
| 650 |
_aবাংলা সাহিত্য _vইতিহাস ও সমালোচনা _9117445 |
||
| 650 |
_aBengali literature _vHistory and criticism. _9135528 |
||
| 942 |
_2ddc _cBK |
||
| 999 |
_c44140 _d44140 |
||